| 000 | 01188nac a22003257a 4500 | ||
|---|---|---|---|
| 001 | BR8101149 | ||
| 003 | BR-BrBNA | ||
| 005 | 20240105114930.0 | ||
| 008 | 230509b bl.|||m| |||| 00| 0 por d | ||
| 040 |
_aBR-BrBNA _bpor _cBiblioteca Nacional de Agricultura |
||
| 072 | _aF00 | ||
| 090 | _a0150 BR8101149 | ||
| 100 | 1 | _aOliveira, V.H. de | |
| 100 | 1 | _aCampos, I.S. | |
| 100 | 1 | _aSales, F. de | |
| 110 | 1 |
_aUnidade de Execucao de Pesquisa de Ambito Estadual de Rio Branco, AC (Brasil) _910376 |
|
| 245 | 1 | _aO arroz como cultivo intercalar na formacao de lavouras cafeeiras no Acre [Oryza sativa; Coffea arabica; Brasil] | |
| 246 | 1 | _a[Rice as an intercalar crop in the formation of coffee farmings in Acre [Oryza sativa; Coffea arabica; Brazil]] | |
| 260 | 3 |
_aRio Branco, AC (Brasil): _c1981. |
|
| 300 | _a3 p. | ||
| 490 |
_aPesquisa em Andamento - Unidade de Execucao de Pesquisa de Ambito Estadual de Rio Branco (Brazil) _vno. 5 _x |
||
| 650 | _aProducao vegetal | ||
| 650 | _aArroz | ||
| 650 | _aCafe | ||
| 650 | _aCultivo intercalado | ||
| 650 | _aPratica cultural | ||
| 650 | _aAcre | ||
| 909 |
_a202312 _bLúcia Elande _c55 _dLúcia Elande |
||
| 942 |
_2AGRIS _n0 _cMS |
||
| 999 |
_c272111 _d272111 |
||